Postproduction digital de sonido por computadora /

Contenido: El audio digital; Formatos de archivos de audio; Proceso de postproducción digital de sonido por computador; Edición de audio digital por computador: Sound Forge; Mezcla de audio digital por computador; Reducción de ruido: Dart Pro 98.

-д хадгалсан:
Номзүйн дэлгэрэнгүй
Үндсэн зохиолч: Iglesias Simóm, Pablo (autor)
Формат: Ном
Хэл сонгох:испани
Хэвлэсэн: México : Madrid, España : Alfaomega ; Ra-Ma, 2002, c2002
Нөхцлүүд:
Шошгууд: Шошго нэмэх
Шошго байхгүй, Энэхүү баримтыг шошголох эхний хүн болох!

MARC

LEADER 00000nam^a2200000^a^4500
001 000179857
005 20250521000000.0
009 20260310101838.329
020 |a 970-15-0826-2 
037 |a Acervo ITESO - Biblioteca 
041 |a ESP 
082 |a 621. 3893  |b IGL 
100 |a Iglesias Simóm, Pablo  |e (autor) 
245 1 0 |a Postproduction digital de sonido por computadora /  |c P. Iglesias Simóm. 
264 4 |a México :  |b Alfaomega ;  |a Madrid, España :  |b Ra-Ma,  |c 2002, c2002 
300 |a XIV, 206 p. 
336 |a texto  |b txt  |2 rdacontenido 
337 |a sin mediación  |b n  |2 rdamedio 
338 |a volumen  |b nc  |2 rdasoporte 
520 |a Contenido: El audio digital; Formatos de archivos de audio; Proceso de postproducción digital de sonido por computador; Edición de audio digital por computador: Sound Forge; Mezcla de audio digital por computador; Reducción de ruido: Dart Pro 98. 
649 |a XX 
650 |a Manipulación de Sonido por Computadora 
650 |a Grabación y Reproducción del Sonido -  |x Técnicas Digitales 
650 |a Paquetes (Software) 
650 |a Sonido 
650 |a Ingeniería Computacional 
650 |a Ingeniería Acústica 
910 |a Fondo General 
920 |a Impresos - Libros 
930 |a Colección General 
905 |a 101 
901 |a 0500119150  |b IT1  |c ACC  |u 20250521 
902 |a https://opac.biblio.iteso.mx/vufind/Record/000179857